00735cam a2200217 a 450000100100000000500170001000800410002702000150006804000250008308200200010810000240012824501260015226000350027830000290031350000440034265000150038665100190040165000350042070000310045570000310048600001898420260408180430.0100521s1995 mx b r 000 0 spa d a9686987045 aDO-SdBNPbspacBNPHU a328.3453bM482t1 aMeador, Daniel John14aLos tribunales de los Estados Unidos /cDaniel John Meador , traductor Thomas W. Bartenbach, editor Pereznieto del Prado. aMéxico :bPereznieto,c1995. a130 p. , mapa. ;c21 cm. aIncluye índice analítico p. 125-130 0aTribunales 4aEstados Unidos 4aPoder judicialzEstados Unidos1 aBartenbach, Thomas W.etr.1 aPrado, Pereznieto deleed.